| Tag |
First Indicator |
Second Indicator |
Subfields |
| LEADER |
00000cam a2200000 4500 |
| 001 |
in00000717841 |
| 005 |
20151016063643.0 |
| 008 |
740708s1924 mauaf 00010 engm |
| 010 |
|
|
|a 24005820
|
| 035 |
|
|
|a (OCoLC)00937736
|
| 035 |
|
|
|9 ADD7417AM
|
| 040 |
|
|
|a DLC
|c MIA
|d OCL
|d TXA
|d UtOrBLW
|
| 049 |
|
|
|a TXAM
|c [39408]
|
| 050 |
0 |
0 |
|a SB454
|b .S7
|
| 100 |
1 |
|
|a Steele, Fletcher,
|d 1885-
|
| 245 |
1 |
0 |
|a Design in the little garden /
|c by Fletcher Steele ...
|
| 264 |
|
1 |
|a Boston :
|b The Atlantic Monthly Press,
|c [1924]
|
| 264 |
|
4 |
|c [©1924]
|
| 300 |
|
|
|a ix, 124 pages :
|b frontispiece, illustrations, plates (1 folded) ;
|c 22 cm.
|
| 336 |
|
|
|a text
|b txt
|2 rdacontent
|
| 337 |
|
|
|a unmediated
|b n
|2 rdamedia
|
| 338 |
|
|
|a volume
|b nc
|2 rdacarrier
|
| 490 |
1 |
|
|a The Little garden series
|
| 650 |
|
0 |
|a Gardens.
|
| 650 |
|
0 |
|a Landscape gardening.
|
| 830 |
|
0 |
|a Little garden series.
|
| 999 |
|
|
|a MARS
|
| 999 |
f |
f |
|s 08891f4e-fcaa-39aa-9cb5-f40fa2688e8b
|i 16c15272-d243-3c0a-aa0d-51d6573b2357
|t 0
|
| 952 |
f |
f |
|p normal
|a Texas A&M University
|b College Station
|c Business Library & Collaboration Commons
|d West Campus Library: Stacks
|t 0
|e SB454 .S7
|h Library of Congress classification
|i unmediated -- volume
|m A14805209698
|
| 998 |
f |
f |
|a SB454 .S7
|t 0
|l West Campus Library: Stacks
|